| 000 -LEADER |
| fixed length control field |
00807nam a22002177a 4500 |
| 005 - DATE AND TIME OF LATEST TRANSACTION |
| control field |
20240429165419.0 |
| 008 - FIXED-LENGTH DATA ELEMENTS--GENERAL INFORMATION |
| fixed length control field |
240429s2006 enk||||| |||| 00| 0 eng d |
| 020 ## - INTERNATIONAL STANDARD BOOK NUMBER |
| International Standard Book Number |
007144159Xx |
| 041 ## - LANGUAGE CODE |
| Language code of text/sound track or separate title |
eng |
| 080 ## - UNIVERSAL DECIMAL CLASSIFICATION NUMBER |
| Universal Decimal Classification number |
616-006 M-10 |
| 100 ## - MAIN ENTRY--PERSONAL NAME |
| Personal name |
McPhee, Stephen J. |
| 9 (RLIN) |
21901 |
| 245 ## - TITLE STATEMENT |
| Title |
Pathophysiology of Disease: |
| Remainder of title |
An Introduction to Clinical Medicine / |
| Statement of responsibility, etc. |
Stephen J. McPhee, William Ganong. |
| 250 ## - EDITION STATEMENT |
| Edition statement |
Fifth Edition |
| 264 ## - PRODUCTION, PUBLICATION, DISTRIBUTION, MANUFACTURE, AND COPYRIGHT NOTICE |
| Place of production, publication, distribution, manufacture |
New York : |
| Name of producer, publisher, distributor, manufacturer |
McGraw-Hill, |
| Date of production, publication, distribution, manufacture, or copyright notice |
2006. |
| 300 ## - PHYSICAL DESCRIPTION |
| Extent |
761 p.: |
| Other physical details |
ill.; |
| Dimensions |
24 cm. |
| 653 ## - INDEX TERM--UNCONTROLLED |
| keyword |
დაავადების პათოფიზიოლოგია |
| 653 ## - INDEX TERM--UNCONTROLLED |
| keyword |
შესავალი კლინიკურ მედიცინაში |
| 653 ## - INDEX TERM--UNCONTROLLED |
| keyword |
მედიცინა |
| 700 ## - ADDED ENTRY--PERSONAL NAME |
| Personal name |
Ganong, William |
| Relator term |
ავტორი |
| 9 (RLIN) |
21984 |
| 942 ## - ADDED ENTRY ELEMENTS (KOHA) |
| Source of classification or shelving scheme |
|
| Koha item type |
წიგნი |